000 00623nam a22001937a 4500
999 _c190902
_d190902
005 20220810121725.0
010 _aUR-11667
020 _a9789394616196
_c300.00
035 _aU-10222
037 _bDBAD/PUB
_a-
082 _a841.08
100 _aاظہا ر خضر
245 _aکھر ے کھو ٹے :
_bتبصرے /
_cاظہا ر خضر
246 _aKhare Khote (Tabserey) /
_bby Izhar Khizar
260 _aNew Delhi
_bEducational Publishing House
_c2022 ء
270 _aH.O. D1/16, Ansari Road, Darya Ganj
_bNew Delhi
_e110002
300 _a173 ص
_c23cm(Hb)
942 _2ddc
_cUR
_h841.08
_mا ظ ہ